000 00995nam a22002297a 4500
999 _c9252
_d9252
003 AR-CdUCM
008 190327b ||||| |||| 00| 0 spa d
040 _aMUNICIPALIDAD PROVINCIAL DEL CUSCO
_cBIBLIOTECA MUNICIPAL DEL CUSCO
082 _a984.05 /
_bB24
100 _aBarnadas, Josep
_925331
245 _aManual de bibliografía :
_bintroducción a los estudios bolivianos contemporáneos 1960-1984 /
260 _aCusco :
_bCentro de Estudios Rurales Andinos Bartolomé de las Casas,
_c1987.
300 _aXXXI, 514 páginas ;
_bilustraciones,
_c24 cm.
440 _aArchivos de historia andina.
_n6
_925332
505 _aContenido: Obras generales y de consulta -- Bibliografía y revistas -- Geografía, ecología, urbanismo y viajes -- Etnohistoria -- Arqueología -- Historia ...
650 _aBolivia
_91138
650 _aBibliografía
_91484
650 _aHistoria
_9136
700 _aRosasco de Chacón, Carlota (Revisado y corregido)
_925333
942 _2ddc
_cLIBROS
945 _aachl